000 00817cab a2200241 4500
001 ABS52883
008 090401t1995 xxu||||| |||| 00| 0 eng d
035 _a(Sirsi) u650
041 _aeng
100 _aArmstrong, J.
245 _aConduct of repossession hearings
260 _c1995
350 _a0
490 _aSolicitors` Journal
_v139(18) 12 May 1995, 449; 139(19) 19 May 1995, 476
520 _aFour articles on repossession hearings in the county court considering preparation for the hearing, the situation where there is a reasonable prospect of paying off the arrears, claims for monetary judgement and costs.
650 _aCONSUMER CREDIT ACT 1974
650 _aCOUNTY COURT
650 _aMORTGAGE AREEARS
650 _aREPOSSESSIONS
690 _aHOUSING
942 _n0
948 _c04/03/1997
999 _c326
_d326